000 00476nam a2200193Ia 4500
005 20250603144435.0
008 250603s9999 xx 000 0 und d
020 _a9780395754917
050 _aRC 454 .K46/
100 _aKendall, Philip C.
245 0 _aAbnormal psychology : understanding human problems
250 _a2nd ed.
260 _aNew York
260 _bHoughton Mifflin Company
260 _c1998
300 _a577 p
650 _aNew York
942 _cBK
999 _c38925
_d38925